आधुनिक हिंदी साहित्य में दलित चेतना का स्वर/ (Record no. 201837)
[ view plain ]
| 000 -LEADER | |
|---|---|
| fixed length control field | 00796nam a22001937a 4500 |
| 005 - DATE AND TIME OF LATEST TRANSACTION | |
| control field | 20240328144534.0 |
| 010 ## - LCCN (DPL NO) | |
| LC control number | HIN-127229 |
| 020 ## - INTERNATIONAL STANDARD BOOK NUMBER | |
| International Standard Book Number | 9788193448830 |
| Terms of availability | 600.00 |
| 035 ## - SYSTEM CONTROL NUMBER | |
| System control number | HN-99575 |
| 037 ## - SOURCE OF ACQUISITION | |
| Source of stock number/acquisition | DBAD/PUB. |
| 082 ## - DEWEY DECIMAL CLASSIFICATION NUMBER | |
| Classification number | 820.08 |
| 245 ## - TITLE STATEMENT | |
| Title | आधुनिक हिंदी साहित्य में दलित चेतना का स्वर/ |
| Statement of responsibility, etc | रेखा यादव द्वारा सम्पादित |
| 250 ## - EDITION STATEMENT | |
| Edition statement | 1 |
| 260 ## - PUBLICATION, DISTRIBUTION, ETC. (IMPRINT) | |
| Place of publication, distribution, etc | दिल्ली |
| Name of publisher, distributor, etc | नेशनल बुक सेंटर |
| Date of publication, distribution, etc | 2019 |
| 270 ## - ADDRESS | |
| Address | डी 615/2 अशोक नगर शाहदरा |
| City | दिल्ली |
| Postal code | 110093 |
| 300 ## - PHYSICAL DESCRIPTION | |
| Extent | 208 पृ; |
| Dimensions | 23 सेमी (सजिल्द) |
| 700 ## - ADDED ENTRY--PERSONAL NAME | |
| 9 (RLIN) | 63915 |
| 942 ## - ADDED ENTRY ELEMENTS (KOHA) | |
| Institution code [OBSOLETE] | dpl |
| Item type | Hindi Books |
| Source of classification or shelving scheme | Dewey Decimal Classification |
| Classification part | 820.08 |
| Call number suffix | आधुनि |
| Withdrawn status | Lost status | Not for loan | Collection code | Home library | Current library | Date acquired | Source of acquisition | Cost, normal purchase price | Full call number | Barcode | Copy number | Cost, replacement price | Koha item type |
|---|---|---|---|---|---|---|---|---|---|---|---|---|---|
| Non-fiction | Bawana | Bawana | 28/03/2024 | DBAD/PUB | 600.00 | 820.08 आधुनि | HN-99575 | 1 | 600.00 | Hindi Books |
